00416 2200145 4500001002100000005001500021035002000036245009500056100002200151300002600173260003700199082000800236084001400244990001200258INLIS00000000000309220250930101955 a0010-09250004391 aUraian Baikmu :bSekumpulan Puisi Bertema Maaf, Motivasi Baik dan Asa /cVitriya Mardiyati0 aVitriya Mardiyati a166 hlm ;c14 x 21 cm aCirebon :bLitera Pustaka,c2023 a810 a810 VIT u a0755534